000 00583nam a2200217Ia 4500
003 OSt
005 20220926044625.0
006 a|||||r|||| 00| 0
007 ta
008 220923b |||||||| |||| 00| 0 eng d
037 _cGeneral Book
040 _aRTL
_cRTL
_beng
041 _2eng
_aeng
082 _aV2:55,d I, J3
100 _aBagal Jogesh Chandra
245 0 _aHistory of Indian Association, 1876-1951
260 _c1953
650 _aStruggle for Independence
942 _hV2:55,d I, J3
_cGB
_2CC
999 _c675353
_d675353